00616nam a22001817a 4500003000200000005001700002008004100019020001800060050002400078100003600102245006600138260007300204300002900277504004100306650002700347650002400374650003600398020250429151340.0250429b xxu||||| |||| 00| 0 eng d a9786214272082 aHD 38.7 bB163 2024 aBairan, Bonifacio P. e[author] aFundamentals of business analytics cDr. Bonifacio P. Bairan  aManila :bUnlimited Books Library Services & Publishing Inc. cc2024 axii, 308 pages ;c26cm.  aIncludes bibliographical references. aBusiness intelligence. aBusiness analytics. aManagement information systems.